|
|
|
|
| LEADER |
00000nab a2200000ua 4500 |
| 001 |
vtls010757271 |
| 003 |
SK-MaSNL |
| 005 |
20260304200621.0 |
| 008 |
250718s1965 xo |||||||||||||||||slo| |
| 035 |
|
|
|a (urnnbn)urn:nbn:sk:snk:ar-003ow3
|
| 035 |
|
|
|a (uuid)6adb442a-76ce-4d4b-a8d5-396aef785772
|
| 035 |
|
|
|a urn:nbn:sk:snk-ab421l
|
| 040 |
|
|
|a SNKBUCL
|b slo
|c SNKBUCL
|e AACR2
|
| 041 |
0 |
|
|a slo
|
| 044 |
|
|
|a xo
|c SK
|
| 100 |
1 |
|
|a O. K.
|4 aut
|9 762807
|
| 245 |
1 |
0 |
|a Zo slávnosti knihovníkov
|c O. K.
|
| 773 |
0 |
|
|t Čitateľ : mesačník pre prácu s čitateľmi
|g Roč. 14, č. 7-8 (1965), s. 245
|
| 850 |
|
|
|a Slovenská národná knižnica
|
| 852 |
|
|
|a Slovenská národná knižnica
|
| 954 |
|
|
|a odborná, vedecká literatúra pôvodná (slovenská)
|2 lita
|
| 958 |
|
|
|a article3
|
| 958 |
|
|
|a OND
|
| 958 |
|
|
|a EUIPO
|
| 999 |
|
|
|c 3089721
|d 3091651
|